000 00703nam a2200241Ia 4500
003 OSt
005 20220924123747.0
006 a|||||r|||| 00| 0
007 ta
008 220923b |||||||| |||| 00| 0 urd d
024 _a323423
037 _cTextual
040 _aARTS
_cARTS
_burd
041 _2urd
_aurd
082 _aV491:51wNWA,1, 168K6
100 _aKhan Marshal Shah Wali Au.
_9193741
245 0 _aMeri yaddashtein
260 _aNew Delhi
_b Lakshmi book stole India
_c1966
650 _a BIOGRAPHY
_92340
650 _aAFGHANISTAN - HISTORY
_915333
942 _hV491:51wNWA,1, 168K6
_cTEXL
_2CC
999 _c416999
_d416999